000 00995nam a2200277 a 4500
001 000006854
005 20250621074005.0
008 090903s2009 dr 000 0 spa d
020 _a9789945866032
040 _aDO-SdBNP
_bspa
_cBNPHU
082 _a337.1
_bR466
100 1 _aReynoso Reynoso, Antonio,
_d1954-
_919038
245 1 0 _aGlobalización :
_b¿fin de la ética? /
_cAntonio Reynoso Reynoso.
250 _a2a ed.
260 _aSanto Domingo,
_c2009.
300 _a198 p. ;
_c21 cm.
500 _aIncluye datos biográficos del autor en las solapas
504 _aBibliografías : p. 193-198
651 4 _aRepública Dominicana
_xPolítica Económica
_9643
651 4 _aRepública Dominicana
_xPolítica Comercial
_92986
650 4 _aGlobalización
_xDesarrollo social
_919039
651 0 _aRepública Dominicana
_xPolítica y gobierno
_945
650 4 _aGlobalización
_xAspectos económicos
_919040
650 0 _aGlobalización
_91524
700 1 _aSoto, Nolberto Luis,
_epról.
_97789
999 _c6642
_d6642